[Event "URU-ch sf"]
[Site "Montevideo"]
[Date "2022.02.28"]
[Round "6"]
[White "Arean, Martin"]
[Black "Coppola, Claudio"]
[Result "0-1"]
[WhiteElo "2038"]
[BlackElo "2285"]
[PlyCount "60"]
[EventDate "2022.02.26"]
[EventType "swiss"]
[EventRounds "7"]
[EventCountry "URU"]
[SourceTitle "CBM 207 Extra"]
[Source "ChessBase"]
[SourceDate "2022.05.31"]
[SourceVersion "1"]
[SourceVersionDate "2022.05.31"]
[SourceQuality "1"]

1. d4 b6 2. Nf3 Bb7 3. Nbd2 f5 4. e3 Nf6 5. b3 e6 6. Bb2 Be7 7. Be2 0-0 8. 0-0 Nc6 9. c4 Qe8 10. a3 a5 11. Qc2 Qh5 12. Rfe1 Qh6 13. Rad1 Nd8 14. Nf1 g5 15. d5 g4 16. Nd4 Ne4 17. Bd3 Nc5 18. Bxf5 exf5 19. Nxf5 Qg5 20. Nxe7+ Qxe7 21. Ng3 Qg5 22. e4 Nf7 23. Nf5 Rfe8 24. Bc1 Qg6 25. Re3 d6 26. h3 h5 27. hxg4 hxg4 28. Ree1 Bc8 29. Nh4 Qh7 30. g3 Rxe4 0-1

[Event "URU Department-chT"]
[Site "Punta del Este"]
[Date "2018.08.25"]
[Round "3.34"]
[White "Arean, Martin"]
[Black "Pelaez, Diego"]
[Result "1-0"]
[WhiteElo "2041"]
[BlackElo "1673"]
[PlyCount "69"]
[EventDate "2018.08.24"]
[EventType "team-swiss"]
[EventRounds "5"]
[EventCountry "URU"]
[SourceTitle "EXT 2019"]
[Source "ChessBase"]
[SourceDate "2018.10.10"]
[SourceVersion "1"]
[SourceVersionDate "2018.10.10"]
[SourceQuality "1"]
[WhiteTeam "Montevideo de la Mancha"]
[BlackTeam "Rivera"]
[WhiteTeamCountry "URU"]
[BlackTeamCountry "URU"]

1. d4 Nf6 2. c4 g6 3. Nc3 Bg7 4. e4 d6 5. f3 0-0 6. Be3 Nbd7 7. Nge2 c5 8. d5 Ne5 9. Ng3 a6 10. Be2 Ne8 11. f4 Nd7 12. 0-0 h5 13. e5 dxe5 14. f5 Nef6 15. fxg6 fxg6 16. Qc2 e4 17. Ngxe4 Ne5 18. Ng5 Bf5 19. Rxf5 gxf5 20. Qxf5 Qd7 21. Qxe5 Ng4 22. Bxg4 Qxg4 23. Qe6+ Qxe6 24. Nxe6 Bd4 25. Bxd4 cxd4 26. Nxf8 Rxf8 27. Ne4 Rf4 28. Nd2 Kg7 29. Re1 Kf6 30. Rf1 Rxf1+ 31. Kxf1 Ke5 32. Ke2 b5 33. b3 bxc4 34. bxc4 a5 35. Kd3 1-0

[Event "URU-chT"]
[Site "Paysandu"]
[Date "2012.08.05"]
[Round "5.1"]
[White "Arean, Martin"]
[Black "Roselli Mailhe, Bernardo"]
[Result "0-1"]
[WhiteElo "2050"]
[BlackElo "2420"]
[PlyCount "70"]
[EventDate "2012.08.03"]
[EventType "team-swiss"]
[EventRounds "5"]
[EventCountry "URU"]
[SourceTitle "CBM 149 Extra"]
[Source "ChessBase"]
[SourceDate "2012.08.24"]
[SourceVersion "1"]
[SourceVersionDate "2012.08.24"]
[SourceQuality "1"]

1. d4 Nf6 2. c4 g6 3. Nc3 Bg7 4. e4 d6 5. f3 0-0 6. Be3 e5 7. d5 c6 8. Qd2 cxd5 9. cxd5 a6 10. 0-0-0 Nh5 11. Nge2 Nd7 12. g4 Nf4 13. Ng3 b5 14. Kb1 Nb6 15. Rc1 Bd7 16. h4 Nc4 17. Bxc4 bxc4 18. g5 Nd3 19. Rc2 Nb4 20. Rcc1 Qa5 21. h5 Nd3 22. Rc2 Rfb8 23. hxg6 hxg6 24. Nge2 Ba4 25. Nxa4 Qxa4 26. Nc3 Qd7 27. Qh2 Rb4 28. Ka1 Rab8 29. Bc1 Qd8 30. Qg1 Qa5 31. Qe3 Rb3 32. Qd2 Nb4 33. Kb1 Rxc3 34. bxc3 Nxc2+ 35. Kxc2 Qa4# 0-1

[Event "URU-chT"]
[Site "Paysandu"]
[Date "2012.08.04"]
[Round "3.1"]
[White "Arean, Martin"]
[Black "Sanguinetti, Luis"]
[Result "0-1"]
[WhiteElo "2050"]
[BlackElo "2218"]
[PlyCount "57"]
[EventDate "2012.08.03"]
[EventType "team-swiss"]
[EventRounds "5"]
[EventCountry "URU"]
[SourceTitle "CBM 149 Extra"]
[Source "ChessBase"]
[SourceDate "2012.08.24"]
[SourceVersion "1"]
[SourceVersionDate "2012.08.24"]
[SourceQuality "1"]

1. d4 d5 2. c4 c6 3. Nc3 Nf6 4. Nf3 dxc4 5. a4 Bf5 6. e3 e6 7. Bxc4 Bb4 8. 0-0 0-0 9. Bd2 Nbd7 10. Ne4 Be7 11. Ng3 Bd6 12. Nxf5 exf5 13. b4 Ne4 14. a5 a6 15. Qc2 Ndf6 16. Rfb1 Qe7 17. Ne1 Ng4 18. Nf3 Ngxf2 19. Rb3 Rfe8 20. Rf1 Ng4 21. Bc1 g6 22. h3 Ngf6 23. Bb2 Nd5 24. Ne5 f6 25. Nd3 Kg7 26. Rf3 Nxb4 27. Nxb4 Bxb4 28. Bc1 Bxa5 29. Bd3 0-1

[Event "Latin Cup"]
[Site "Montevideo"]
[Date "2011.11.04"]
[Round "5"]
[White "Arean, Martin"]
[Black "De la Torre, Andres"]
[Result "1-0"]
[WhiteElo "2066"]
[BlackElo "2047"]
[PlyCount "45"]
[EventDate "2011.11.01"]
[EventType "swiss"]
[EventRounds "9"]
[EventCountry "URU"]
[SourceTitle "EXT 2012"]
[Source "ChessBase"]
[SourceDate "2011.11.24"]
[SourceVersion "1"]
[SourceVersionDate "2011.11.24"]
[SourceQuality "1"]

1. c4 Nf6 2. Nc3 g6 3. g3 Bg7 4. Bg2 0-0 5. e3 d6 6. Nge2 e5 7. 0-0 Nbd7 8. d4 Re8 9. b3 Nf8 10. Bb2 c6 11. b4 a6 12. a4 Qc7 13. Qb3 Be6 14. d5 cxd5 15. cxd5 Bd7 16. Rfc1 Qd8 17. a5 Bf5 18. Na4 Re7 19. Nb6 Rb8 20. Qc4 N8d7 21. Nc8 Ne8 22. Nxe7+ Qxe7 23. g4 1-0

[Event "URU-ch"]
[Site "Montevideo"]
[Date "2011.04.01"]
[Round "9"]
[White "Curi, Gabriel"]
[Black "Arean, Martin"]
[Result "1-0"]
[WhiteElo "2195"]
[BlackElo "1982"]
[PlyCount "115"]
[EventDate "2011.03.25"]
[EventType "tourn"]
[EventRounds "11"]
[EventCountry "URU"]
[SourceTitle "CBM 141 Extra"]
[Source "ChessBase"]
[SourceDate "2011.05.03"]
[SourceVersion "1"]
[SourceVersionDate "2011.05.03"]
[SourceQuality "1"]

1. e4 c5 2. Nf3 d6 3. d4 cxd4 4. Nxd4 Nf6 5. Nc3 a6 6. Be2 e5 7. Nb3 Be7 8. Be3 Be6 9. 0-0 0-0 10. Nd5 Bxd5 11. exd5 Nbd7 12. c4 Rc8 13. a4 Ne8 14. a5 g6 15. Qd2 Ng7 16. f3 Nf5 17. Bf2 Bg5 18. Qd3 Re8 19. g3 Nf6 20. Nd2 h5 21. Ne4 Bh6 22. b4 h4 23. Ra2 hxg3 24. hxg3 Nd4 25. Kg2 Nxe4 26. fxe4 Rc7 27. Rh1 Qg5 28. Rh4 Rec8 29. Bxd4 exd4 30. Qxd4 Bg7 31. Qf2 Qe5 32. Rc2 Qa1 33. Rh1 Qa3 34. Rb1 Be5 35. Bg4 Re8 36. Qf3 Qa4 37. Qb3 Qxb3 38. Rxb3 Bd4 39. Bf3 Rec8 40. Be2 Re7 41. Bd3 Kg7 42. Rb1 Re5 43. c5 Rg5 44. Be2 Be5 45. Rb3 f5 46. c6 bxc6 47. Bxa6 Rh8 48. dxc6 fxe4 49. Kf1 Rh1+ 50. Ke2 Bd4 51. Kd2 Rf5 52. c7 e3+ 53. Kd3 Rd1+ 54. Kc4 Ba1 55. Rd3 d5+ 56. Kb3 Rxd3+ 57. Bxd3 Rf8 58. c8Q 1-0

[Event "URU-ch"]
[Site "Montevideo"]
[Date "2011.03.29"]
[Round "6"]
[White "Rodriguez Vila, Andres"]
[Black "Arean, Martin"]
[Result "1-0"]
[WhiteElo "2527"]
[BlackElo "1982"]
[PlyCount "59"]
[EventDate "2011.03.25"]
[EventType "tourn"]
[EventRounds "11"]
[EventCountry "URU"]
[SourceTitle "CBM 141 Extra"]
[Source "ChessBase"]
[SourceDate "2011.05.03"]
[SourceVersion "1"]
[SourceVersionDate "2011.05.03"]
[SourceQuality "1"]

1. e4 c5 2. Nf3 d6 3. d4 cxd4 4. Nxd4 Nf6 5. f3 a6 6. c4 e6 7. Nc3 Be7 8. Be3 Nbd7 9. Be2 Qc7 10. Qd2 b6 11. 0-0 Bb7 12. a4 0-0 13. Rfc1 Rac8 14. a5 bxa5 15. Nb3 Rfd8 16. Nxa5 Ne5 17. Bf1 Ba8 18. Qf2 Nfd7 19. b4 Rb8 20. Nd5 exd5 21. cxd5 Nc5 22. bxc5 dxc5 23. Bxc5 Bxc5 24. Qxc5 Qd7 25. Bxa6 Rb2 26. Qd4 Rdb8 27. Qxe5 Qa7+ 28. Kh1 Qxa6 29. Nb3 Qe2 30. Qxb8# 1-0

[Event "URU-ch"]
[Site "Montevideo"]
[Date "2011.03.27"]
[Round "4"]
[White "Guerrero, Alvaro"]
[Black "Arean, Martin"]
[Result "1-0"]
[WhiteElo "2216"]
[BlackElo "1982"]
[PlyCount "85"]
[EventDate "2011.03.25"]
[EventType "tourn"]
[EventRounds "11"]
[EventCountry "URU"]
[SourceTitle "CBM 141 Extra"]
[Source "ChessBase"]
[SourceDate "2011.05.03"]
[SourceVersion "1"]
[SourceVersionDate "2011.05.03"]
[SourceQuality "1"]

1. d4 Nf6 2. c4 e6 3. Nc3 Bb4 4. f3 c5 5. d5 b5 6. e4 bxc4 7. Bxc4 exd5 8. Bxd5 Nxd5 9. Qxd5 Nc6 10. Nge2 Ba6 11. Kf2 0-0 12. Rb1 Re8 13. Bf4 Qb6 14. a3 Bxc3 15. Nxc3 d6 16. Rhd1 Rad8 17. Kg1 c4+ 18. Kh1 Ne5 19. Qd4 Nd3 20. Qxb6 axb6 21. Be3 d5 22. Bxb6 d4 23. Nd5 Nf2+ 24. Kg1 Nxd1 25. Rxd1 Rb8 26. Bxd4 Bb5 27. Kf2 Bc6 28. Ne3 Ba4 29. Rd2 Rbc8 30. Nf5 Rcd8 31. Ke3 f6 32. h4 Kf7 33. g4 Rd7 34. g5 Rb8 35. gxf6 Rb3+ 36. Bc3 Rxd2 37. Kxd2 gxf6 38. Nd6+ Ke6 39. Nxc4 Rb8 40. Ke3 Bb5 41. Nd2 Rd8 42. Nb3 Rd1 43. Nd4+ 1-0

[Event "URU-ch"]
[Site "Montevideo"]
[Date "2011.03.25"]
[Round "1"]
[White "Arean, Martin"]
[Black "Colombo, Camila"]
[Result "0-1"]
[WhiteElo "1982"]
[BlackElo "2094"]
[PlyCount "82"]
[EventDate "2011.03.25"]
[EventType "tourn"]
[EventRounds "11"]
[EventCountry "URU"]
[SourceTitle "CBM 141 Extra"]
[Source "ChessBase"]
[SourceDate "2011.05.03"]
[SourceVersion "1"]
[SourceVersionDate "2011.05.03"]
[SourceQuality "1"]

1. d4 Nf6 2. c4 g6 3. Nc3 Bg7 4. e4 0-0 5. f3 Nc6 6. Nge2 e5 7. Be3 Nh5 8. d5 Na5 9. Nc1 b6 10. Qd2 Re8 11. b3 d6 12. Bd3 Nb7 13. N1e2 Nc5 14. Bc2 a5 15. g4 Nf4 16. Ng3 Bh6 17. 0-0-0 Bg7 18. h4 Bd7 19. g5 h5 20. gxh6 Bxh6 21. Rdg1 Kh7 22. Nce2 Qf6 23. Kb1 b5 24. Nxf4 Bxf4 25. Ne2 bxc4 26. bxc4 Reb8+ 27. Ka1 a4 28. Nxf4 Nb3+ 29. Bxb3 axb3 30. Qc3 Rxa2+ 31. Kb1 Rc2 32. Qa1 Qd8 33. h5 g5 34. Nh3 Bxh3 35. Rxh3 Ra8 36. Ba7 f6 37. Qa4 Ra2 38. Qxb3 R2xa7 39. Kc2 Ra2+ 40. Kc1 Ra1+ 41. Kc2 Rxg1 0-1

[Event "URU-ch sf"]
[Site "Montevideo"]
[Date "2010.03.30"]
[Round "9"]
[White "Arean, Martin"]
[Black "Genta, Alejandro"]
[Result "1/2-1/2"]
[WhiteElo "1960"]
[BlackElo "2109"]
[PlyCount "159"]
[EventDate "2010.03.26"]
[EventType "swiss"]
[EventRounds "9"]
[EventCountry "URU"]
[SourceTitle "EXT 2013"]
[Source "ChessBase"]
[SourceDate "2012.11.22"]
[SourceVersion "1"]
[SourceVersionDate "2012.11.22"]
[SourceQuality "1"]

1. d4 Nf6 2. c4 g6 3. Nc3 Bg7 4. e4 d6 5. f3 0-0 6. Be3 Nbd7 7. Qd2 c5 8. Nge2 a6 9. dxc5 dxc5 10. Rd1 Qc7 11. Nf4 e6 12. Be2 Ne5 13. 0-0 Nfd7 14. Na4 b6 15. Qd6 Ra7 16. Rd2 Nc6 17. Qxc7 Rxc7 18. Rfd1 Nd4 19. Nc3 Rd8 20. Nd3 Bb7 21. Bf1 Nb8 22. Na4 Nd7 23. Nc3 f5 24. exf5 exf5 25. Ne2 Re8 26. Bxd4 cxd4 27. b3 Nc5 28. Ndc1 Ne6 29. Nd3 Rd7 30. Kf2 Bh6 31. f4 Nc5 32. Nxc5 bxc5 33. h4 a5 34. g3 Rde7 35. Nc1 Bf8 36. Nd3 Re3 37. Be2 Bd6 38. Re1 h6 39. Bd1 Rxe1 40. Nxe1 g5 41. Nd3 gxh4 42. gxh4 Re3 43. h5 Be4 44. Be2 Rh3 45. Kg1 Rh1+ 46. Kf2 Be7 47. Bf1 Rxh5 48. Ne5 Rh2+ 49. Ke1 Bh4+ 50. Kd1 Rh1 51. Ke2 Bg3 52. Nd3 Rh2+ 53. Kd1 Rh1 54. Ke2 h5 55. Nxc5 Rh2+ 56. Kd1 Bf3+ 57. Kc2 Bxf4 58. Rxh2 Bxh2 59. Bh3 Bg4 60. Bf1 h4 61. a3 h3 62. b4 axb4 63. axb4 Kf7 64. Nd3 Bg3 65. c5 Ke6 66. b5 Kd7 67. Kb3 h2 68. Bg2 Be2 69. Kc2 f4 70. Ne5+ Kc8 71. b6 d3+ 72. Kd2 Bf2 73. b7+ Kc7 74. c6 Be3+ 75. Ke1 Ba7 76. Nf3 Bg1 77. Ne5 Ba7 78. Nf3 Kxc6 79. Nd4+ Kc7 80. Nxe2 1/2-1/2

[Event "URU-ch sf"]
[Site "Montevideo"]
[Date "2010.03.30"]
[Round "8"]
[White "Arean, Martin"]
[Black "Moreira, Marcelo"]
[Result "0-1"]
[WhiteElo "1960"]
[BlackElo "2071"]
[PlyCount "71"]
[EventDate "2010.03.26"]
[EventType "swiss"]
[EventRounds "9"]
[EventCountry "URU"]
[SourceTitle "EXT 2013"]
[Source "ChessBase"]
[SourceDate "2012.11.22"]
[SourceVersion "1"]
[SourceVersionDate "2012.11.22"]
[SourceQuality "1"]

1. d4 d5 2. c4 c6 3. Nc3 Nf6 4. Nf3 a6 5. a4 g6 6. e3 Bg7 7. Bd3 0-0 8. 0-0 Nbd7 9. Qb3 e6 10. a5 dxc4 11. Qxc4 Qe7 12. e4 e5 13. dxe5 Nxe5 14. Nxe5 Qxe5 15. f4 Qc7 16. Be3 Be6 17. Qa4 c5 18. Be2 Rfe8 19. e5 Nd5 20. Nxd5 Bxd5 21. Rac1 Bf8 22. Rfd1 Red8 23. h4 Bc6 24. Rxd8 Rxd8 25. Qb3 Qxa5 26. e6 Qc7 27. Bc4 fxe6 28. Bxe6+ Kh8 29. h5 Qg7 30. g4 gxh5 31. g5 Be4 32. Qc4 Bd3 33. Qa4 Qxb2 34. Qd1 Be4 35. Qf1 b6 36. Qh3 0-1

[Event "URU-ch sf"]
[Site "Montevideo"]
[Date "2010.03.29"]
[Round "7"]
[White "Barboza, Mauro"]
[Black "Arean, Martin"]
[Result "0-1"]
[WhiteElo "2098"]
[BlackElo "1960"]
[PlyCount "148"]
[EventDate "2010.03.26"]
[EventType "swiss"]
[EventRounds "9"]
[EventCountry "URU"]
[SourceTitle "EXT 2013"]
[Source "ChessBase"]
[SourceDate "2012.11.22"]
[SourceVersion "1"]
[SourceVersionDate "2012.11.22"]
[SourceQuality "1"]

1. e4 c5 2. Nf3 d6 3. d4 cxd4 4. Nxd4 Nf6 5. Nc3 a6 6. Be2 e5 7. Nb3 Be7 8. Be3 Be6 9. 0-0 0-0 10. f4 exf4 11. Bxf4 Nc6 12. Be3 Rc8 13. Kh1 Ne5 14. Qe1 Nc4 15. Bc1 b5 16. a3 Ne8 17. Nd4 Bh4 18. g3 Bf6 19. Nxe6 fxe6 20. Bg4 Nc7 21. Bh3 Qe8 22. b3 Ne5 23. Bb2 Qh5 24. Bg2 Ng4 25. h3 Bd4 26. Qe2 Nf6 27. Rae1 Qxe2 28. Rxe2 Nh5 29. Rxf8+ Rxf8 30. Kh2 Be5 31. Re3 Rf2 32. Nd1 Rxc2 33. Bxe5 dxe5 34. Rd3 Kf7 35. Ne3 Rc5 36. b4 Rc1 37. Ng4 Ke7 38. Nxe5 Nf6 39. g4 Re1 40. g5 Nfe8 41. Nc6+ Kf7 42. Rf3+ Kg6 43. Rf8 Kxg5 44. Ne5 Re3 45. Nf3+ Kh6 46. Ne5 Rxa3 47. Ng4+ Kg5 48. e5 h5 49. Nf2 Ra2 50. Ne4+ Kh6 51. Nc5 Re2 52. Kg3 h4+ 53. Kh2 Rxe5 54. Bc6 Nf6 55. Rf7 Nfd5 56. Bb7 Kg6 57. Rd7 Re2+ 58. Kg1 Kf6 59. Bc6 g5 60. Rh7 Ke5 61. Rg7 Kd6 62. Bb7 Re3 63. Rd7+ Ke5 64. Kh2 Re2+ 65. Kg1 Kd4 66. Rg7 Re3 67. Rxg5 Rxh3 68. Rh5 Rg3+ 69. Kf2 Rg2+ 70. Kf3 Rg3+ 71. Kf2 Rg4 72. Nd7 Nxb4 73. Ke2 Nbd5 74. Nf8 Nf4+ 0-1

[Event "URU-ch sf"]
[Site "Montevideo"]
[Date "2010.03.26"]
[Round "1"]
[White "Arean, Martin"]
[Black "Guerrero, Alvaro"]
[Result "0-1"]
[WhiteElo "1960"]
[BlackElo "2225"]
[PlyCount "82"]
[EventDate "2010.03.26"]
[EventType "swiss"]
[EventRounds "9"]
[EventCountry "URU"]
[SourceTitle "EXT 2013"]
[Source "ChessBase"]
[SourceDate "2012.11.22"]
[SourceVersion "1"]
[SourceVersionDate "2012.11.22"]
[SourceQuality "1"]

1. d4 f5 2. c4 Nf6 3. Nf3 g6 4. g3 Bg7 5. Bg2 d6 6. Nbd2 0-0 7. 0-0 Na6 8. b3 c5 9. Bb2 h6 10. a3 Qe8 11. Qc2 Nh5 12. e4 f4 13. e5 g5 14. Rfe1 Bf5 15. Qd1 Qg6 16. d5 Rab8 17. Ra2 Nc7 18. b4 b6 19. Ba1 a6 20. exd6 exd6 21. Re7 Rf7 22. Qe1 Bf8 23. Rxf7 Kxf7 24. Nb3 Re8 25. Qd1 Bd3 26. bxc5 bxc5 27. Bf1 Bxf1 28. Kxf1 g4 29. Nh4 Qe4 30. Ng2 Qxc4+ 31. Kg1 f3 32. Ne3 Qe4 33. Rc2 Qg6 34. Rc4 Re4 35. Rc3 Bg7 36. Nd2 Bxc3 37. Bxc3 Rxe3 38. fxe3 Nxd5 39. Ba1 Nxe3 40. Qe1 Nc2 41. Qd1 Nxa1 0-1